Činnosť a problémy služieb zamestnanosti.

Systém služieb zamestnanosti má poskytovať efektívny a kvalitný servis občanom a pracovníkom pri hľadaní ich nového pracovného uplatnenia a napomáhať dosiahnutie rovnováhy medzi ponukou a dopytom po pracovných silách. Základnou jednotkou inštitucionálneho systému služieb zamestnanosti sú úrady práce...

Descripción completa

Guardado en:
Detalles Bibliográficos
Autor principal: Rievajová, Eva
Formato: Capítulo de libro
Lenguaje:eslovaco
Materias:
Etiquetas: Agregar Etiqueta
Sin Etiquetas, Sea el primero en etiquetar este registro!

MARC

LEADER 00000naa a2200000 4500
001 r009507
005 20220831081855.9
041 0 |a slo 
044 |a [CS] 
245 1 0 |a Činnosť a problémy služieb zamestnanosti.  |c Eva Rievajová 
520 |a Systém služieb zamestnanosti má poskytovať efektívny a kvalitný servis občanom a pracovníkom pri hľadaní ich nového pracovného uplatnenia a napomáhať dosiahnutie rovnováhy medzi ponukou a dopytom po pracovných silách. Základnou jednotkou inštitucionálneho systému služieb zamestnanosti sú úrady práce. Vymedzenie základných úloh úradov práce. Charakteristika organizačnej štruktúry úradov práce. Cesty zvyšovania kvalitatívnej úrovne služieb zamestnanosti. 
610 2 0 |a zamestnanosť 
610 2 0 |a úrady práce 
610 2 0 |a sily pracovné 
610 2 0 |a údaje štatistické 
610 2 0 |a trh práce 
610 2 0 |a ČSFR 
610 2 0 |a Čechy 
610 2 0 |a Slovensko 
610 2 0 |a 1991 
610 2 0 |a nezamestnanosť 
100 1 |a Rievajová, Eva